Új lagúna Kelet és Nyugat, irodalomkritika és filozófia metszéspontján. Gabriel Marcel metafizikai naplója kapcsán
Elmentve itt :
| Szerző: | |
|---|---|
| Adatforrás: | Meister |
| Forrásdokumentuma: | Helikon. - 12 ; 14 ; 16 ; 17 sz., 1991, 2 ; 2 ; 9 ; 9 p. |
| Nyelv: | magyar |
| Kulcsszavak: | filozófia irodalomkritika nyelv MARCEL Gabriel RICOEUR Paul |
| LEADER | 00573nab a2200181 i 4500 | ||
|---|---|---|---|
| 001 | bibPRO00008430 | ||
| 008 | 060524s1991 xx hun | ||
| 040 | |a Sz1 | ||
| 041 | |a hun | ||
| 100 | 1 | |a BRÉDA Ferenc | |
| 245 | 1 | 0 | |a Új lagúna Kelet és Nyugat, irodalomkritika és filozófia metszéspontján. Gabriel Marcel metafizikai naplója kapcsán |c BRÉDA Ferenc |
| 695 | |a filozófia | ||
| 695 | |a irodalomkritika | ||
| 695 | |a filozófia | ||
| 695 | |a nyelv | ||
| 695 | |a MARCEL Gabriel | ||
| 695 | |a RICOEUR Paul | ||
| 773 | 0 | |t Helikon. - |g 12 ; 14 ; 16 ; 17 sz., 1991, 2 ; 2 ; 9 ; 9 p. | |